Talianske banky sa pripravujú na EMÚ

Reštrukturalizácia na talianskom finančnom trhu. Príprava Talianska na Európsku menovú úniu. Tridsať tisíc prebytočných zamestnancov v bankovom sektore. Úspechy banky Instituto Mobiliare Italiano a jej pripravovaná fúzia.

Gespeichert in:
Bibliographische Detailangaben
1. Verfasser: Koribský, Jaroslav
Format: Buch
Sprache:Slowakisch
Schlagworte:
Tags: Tag hinzufügen
Keine Tags, Fügen Sie das erste Tag hinzu!

MARC

LEADER 00000nam a2200000 4500
001 r030828
005 20230824094447.8
041 0 |a slo 
044 |a SK 
245 1 0 |a Talianske banky sa pripravujú na EMÚ  |c Jaroslav Koribský 
520 |a Reštrukturalizácia na talianskom finančnom trhu. Príprava Talianska na Európsku menovú úniu. Tridsať tisíc prebytočných zamestnancov v bankovom sektore. Úspechy banky Instituto Mobiliare Italiano a jej pripravovaná fúzia. 
610 2 0 |a banky 
610 2 0 |a poisťovne 
610 2 0 |a poisťovníctvo 
610 2 0 |a bankovníctvo 
610 2 0 |a Taliansko 
610 2 0 |a euro 
610 2 0 |a zamestnanosť plná 
610 2 0 |a Európska menová únia 
610 2 0 |a Instituto Mobiliare Italiano SpA 
100 1 |a Koribský, Jaroslav